000 00944nas a2200301 4500
001 BR0304606
003 BR-BrBNA
005 20231205104055.0
007 ta
008 230509b bl.|||p| |||| 00| 00por d
040 _aBR-BrBNA
_bpor
_cBiblioteca Nacional de Agricultura
041 _a(Pt)
072 _aN20; P33; U10
100 1 _aAndrade, C. de L.T. de
100 1 _aCosta, E.L. da
100 1 _aAlbuquerque, P.E.P. de
245 1 _aDesenvolvimento e calibração de guias de onda para TDR
650 _aEQUIPAMENTO DE IRRIGAÇÃO
650 _aUMIDADE DO SOLO
650 _aMODELO MATEMÁTICO
650 _aMEDIÇÃO
650 _aSOLO TROPICAL
650 _aCLIMA TEMPERADO
650 _aCUSTO OPERACIONAL
773 0 _tRevista Brasileira de Engenharia Agrícola e Ambiental (Brazil)
_xISSN 1415-4366
_g(Jan-Apr 2003), v. 7(1) p. 173-176
_wBR0304606
909 _a202311
_bLúcia
_c55
_dLúcia Elande
942 _2AGRIS
_n0
_cANA
999 _c176207
_d176207